Cultura jurídica, proceso y hombres del foro: Cuatro ensayos de historia del Derecho.
Saved in:
| Hovedforfatter: | |
|---|---|
| Format: | Bog |
| Sprog: | engelsk |
| Udgivet: |
Lima, Perú:
Fundación Manuel J. Bustamante De la Fuente,
2014.
|
| Udgivelse: | Primera edición. |
| Fag: | |
| Tags: |
Tilføj Tag
Ingen Tags, Vær først til at tagge denne postø!
|
MARC
| LEADER | 00000nam a22000007a 4500 | ||
|---|---|---|---|
| 003 | CL-VaPUC | ||
| 005 | 20220822114550.0 | ||
| 008 | 220707e2014 ||||| |||| 00| 0 eng d | ||
| 999 | |c 436780 |d 436778 | ||
| 020 | |a 978-612-46700-0-8 | ||
| 040 | |c Pontificia Universidad Católica de Valparaíso | ||
| 082 | |a 346.85 RAM 2014 |2 22 | ||
| 100 | 1 | |a Ramos Núñez, Carlos |9 872366 |e autor | |
| 245 | |a Cultura jurídica, proceso y hombres del foro: |b Cuatro ensayos de historia del Derecho. | ||
| 250 | |a Primera edición. | ||
| 260 | |a Lima, Perú: |b Fundación Manuel J. Bustamante De la Fuente, |c 2014. | ||
| 300 | |a 159 páginas. | ||
| 500 | |a c.1 Donación Familia Prof. Alejandro Guzmán Brito. | ||
| 583 | |c 20220707 |k Yessy Sthefany Diaz Vidal | ||
| 650 | 0 | |a Derecho civil |x Historia |y Siglo 19 |9 255013 |z Perú | |
| 650 | 0 | |a Derecho civil |x Historia |9 255013 |y Siglo 20 |z Perú | |
| 942 | |2 ddc |c BK |n 0 | ||
| 952 | |0 0 |1 0 |2 ddc |4 0 |6 346_850000000000000_RAM_2014 |7 1 |8 C_AGB |9 584499 |a BIBDER |b BIBDER |d 2022-07-07 |e Donación |i 5652625 |o 346.85 RAM 2014 |p 5652625 |r 2023-01-25 |t 1 |w 2022-07-07 |y BK_US |k AGB | ||